ბათუმის შოთა რუსთაველის სახელმწიფო უნივერსიტეტის ბიბლიოთეკა

სოციალ-დემოკრატი ბოლშევიკი ტერორისტები ილია ჭავჭავაძის მკვლელები : (ბიბ.ჩანაწერი № 36753)

000 -ლიდერი
ფიქსირებული სიგრძის საკონტროლო ველი 01272nam a2200229Ia 4500
001 - საკონტროლო ნომერი
საკონტროლო ველი 2691
003 - საკონტროლო ნომრის იდენტიფიკატორი
საკონტროლო ველი GE_BSU
005 - ბოლო ოპერაციის თარიღი და დრო
საკონტროლო ველი 20190604144618.0
008 - ფიქსირებული სიგრძის მონაცემთა ელემენტები - ზოგადი ინფორმაცია
ფიქსირებული სიგრძის საკონტროლო ველი 181216s||||||||xx |||||||||||||| ||und||
020 ## - წიგნის საერთაშორისო სტანდარტული ნომერი
International Standard Book Number 978994148
040 ## - კატალოგიზაციის წყარო
Transcribing agency GE_BSU
080 ## - უნივერსალური ათობითი კლასიფიკაციის ინდექსი
Universal Decimal Classification number 329.141(479.22)
100 ## - მთავარი ჩანაწერი - პიროვნების სახელი
Personal name საბაშვილი, თენგიზ
9 (RLIN) 2036
245 ## - ცნობა სათაურის შესახებ
Title სოციალ-დემოკრატი ბოლშევიკი ტერორისტები ილია ჭავჭავაძის მკვლელები :
Remainder of title ილიას მკვლელთა ვინაობისათვის /
Statement of responsibility, etc სამეც. რედ. თეიმურაზ ვახტანგიშვილი, რედ. ნინო სოზაშვილი.
264 ## - წარმოების, გამოცემის, დისტრიბუციის და სხვა ცნობები
გამოცემის, წარმოების, დისტრიბუციის... ადგილი თბილისი :
გამოცემის, წარმოების, დისტრიბუციის... სახელწოდება საგამომც.სახლი ემ–პი–ჯი,
გამოცემის, წარმოების, დისტრიბუციის... თარიღი 2011.
300 ## - ფიზიკური აღწერა
Extent 460 გვ.:
Other physical details ილ.,
Dimensions 28 სმ.
653 ## - INDEX TERM--UNCONTROLLED
Uncontrolled term პოლიტიკა
653 ## - INDEX TERM--UNCONTROLLED
Uncontrolled term პოლიტიკური პარტიები
700 ## - ADDED ENTRY--PERSONAL NAME
Personal name ვახტანგიშვილი, თეიმურაზ
Relator term რედაქტორი
9 (RLIN) 2037
700 ## - ADDED ENTRY--PERSONAL NAME
Personal name სოზაშვილი, ნინო
Relator term რედაქტორი
9 (RLIN) 2038
942 ## - ADDED ENTRY ELEMENTS (KOHA)
Koha item type წიგნი
Source of classification or shelving scheme
ეგზემპლარები
ჩამოწერის სტატუსი დაკარგული ეგზემპლარის სტატუსი კლასიფიკაციის წყარო ან თაროზე გაწყობის სქემა დაზიანების სტატუსი არ გაიცემა მუდმივი მდებარეობა (დაცვის ადგილი) ამჟამინდელი ადგილსამყოფელი თაროზე განთავსების ადგილი შეძენის თარიღი ღირებულება, შესყიდვის ნორმალური ფასი სრული შენახვის შიფრი შტრიხკოდი ბოლო ოპერაციის თარიღი ეგზემპლარის მიმდევრობითი ნომერი (კეტერი?) ფასის ძალაში შესვლის თარიღი ეგზემპლარის სახეობა საჯარო შენიშვნა
          ბათუმის შოთა რუსთაველის სახელმწიფო უნივერსიტეტის მთავარი ბიბლიოთეკა ბათუმის შოთა რუსთაველის სახელმწიფო უნივერსიტეტის მთავარი ბიბლიოთეკა წიგნსაცავი 2018-12-17 18.00 329.141(479.22) ს–51 4547 2018-12-17 4547 2018-12-17 წიგნი 18 ლ.